00718nam a2200253 a 450000500170000000800410001704100080005804400070006609000140007311000570008724500330014426000230017730000100020065000280021065000330023865000200027165000360029165000320032765000340035965000260039394200150041994500150043499900150044920191224041718.0140312b2002 sz ||||| |||| 00| 0 spa d aspa asz aLBb03619 bCentro de Comercio Internacional , UNCTAD/OMC921011 aCafé guía del exportador aGinebrabCCIc2002 a30 p. aCafé orgánico92233 aComercio internacional94456 aMercadeo992308 aCertificación ambiental94417 aProductos orgánicos94180 aComercio electrónico921013 aMercados nicho921014 cImpreso2z d2004-06-11 c3920d3920